Comuni della Provincia di Modena (con mappa) - Statistics

Statistiche generali
  • Questo quiz è stato fatto 145 volte
  • Il punteggio medio è 29 su 47
Risposte nella Mappa
Le risposte nella mappa del quiz sottostante sono codificate secondo una scala di colori dal rosso al verde in base alla % di persone che hanno risposto correttamente.
 
Statistiche sulle risposte
Risposta % Corretto
Modena
97%
Sassuolo
93%
Carpi
92%
Maranello
85%
Castelfranco Emilia
82%
Vignola
80%
Mirandola
77%
Finale Emilia
75%
Nonantola
75%
Soliera
73%
Zocca
73%
Fiorano Modenese
72%
Pavullo nel Frignano
70%
Fanano
68%
Formigine
68%
Sestola
68%
San Felice sul Panaro
65%
Bomporto
63%
Spilamberto
63%
Castelvetro di Modena
62%
Campogalliano
60%
Castelnuovo Rangone
60%
Serramazzoni
60%
Novi di Modena
58%
San Cesario sul Panaro
57%
Bastiglia
55%
Camposanto
55%
Fiumalbo
55%
Lama Mocogno
55%
Marano sul Panaro
55%
Montefiorino
53%
Cavezzo
52%
Concordia sulla Secchia
52%
Ravarino
52%
San Possidonio
52%
Pievepelago
50%
San Prospero
50%
Polinago
48%
Savignano sul Panaro
48%
Guiglia
47%
Medolla
47%
Montese
47%
Montecreto
43%
Palagano
42%
Prignano sulla Secchia
42%
Frassinoro
40%
Riolunato
38%
Nessun quiz corrispondente trovato
Distribuzione punteggi
Percentuale di utenti per punteggio
Percentile per numero di risposta
I tuoi punteggi nel tempo
Non hai fatto questo quiz